<?xml version="1.0" encoding="UTF-8"?>
<record
    xmlns:xsi="http://www.w3.org/2001/XMLSchema-instance"
    xsi:schemaLocation="http://www.loc.gov/MARC21/slim http://www.loc.gov/standards/marcxml/schema/MARC21slim.xsd"
    xmlns="http://www.loc.gov/MARC21/slim">

  <leader>00709nam a22001937a 4500</leader>
  <datafield tag="999" ind1=" " ind2=" ">
    <subfield code="c">187208</subfield>
    <subfield code="d">187208</subfield>
  </datafield>
  <controlfield tag="005">20220406112143.0</controlfield>
  <datafield tag="010" ind1=" " ind2=" ">
    <subfield code="a">UR-11512</subfield>
  </datafield>
  <datafield tag="020" ind1=" " ind2=" ">
    <subfield code="c">350.00</subfield>
    <subfield code="a">-</subfield>
  </datafield>
  <datafield tag="035" ind1=" " ind2=" ">
    <subfield code="a">U-10067</subfield>
  </datafield>
  <datafield tag="037" ind1=" " ind2=" ">
    <subfield code="b">DBAD/PUB</subfield>
    <subfield code="a">-</subfield>
  </datafield>
  <datafield tag="082" ind1=" " ind2=" ">
    <subfield code="a">181.45</subfield>
    <subfield code="2">Ist</subfield>
  </datafield>
  <datafield tag="100" ind1=" " ind2=" ">
    <subfield code="a">&#x645;&#x646;&#x634;&#x6CC; &#x67E;&#x646;&#x6C1; &#x644;&#x627; &#x644; &#x628;&#x6BE;&#x627; &#x631; &#x6AF;&#x648; </subfield>
  </datafield>
  <datafield tag="245" ind1=" " ind2=" ">
    <subfield code="a">&#x633;&#x631; &#x6CC; &#x645;&#x62F; &#x628;&#x6BE;&#x6AF;&#x648; &#x62A; &#x6AF;&#x64A;&#x62A;&#x627;</subfield>
    <subfield code="c"> &#x645;&#x646;&#x634;&#x6CC; &#x67E;&#x646;&#x6C1; &#x644;&#x627; &#x644; &#x628;&#x6BE;&#x627; &#x631; &#x6AF;&#x648; </subfield>
    <subfield code="h">&#x627; &#x631; &#x62F; &#x648; </subfield>
  </datafield>
  <datafield tag="246" ind1=" " ind2=" ">
    <subfield code="b">Srimad Bhagwat Geeta (Urdu)</subfield>
    <subfield code="a">by Munshi Panna Lal Bhargawa</subfield>
  </datafield>
  <datafield tag="260" ind1=" " ind2=" ">
    <subfield code="a">Rajisthan</subfield>
    <subfield code="b">Azizullah Sherani</subfield>
    <subfield code="c">2021 &#x621;  </subfield>
  </datafield>
  <datafield tag="270" ind1=" " ind2=" ">
    <subfield code="a">Farhat Manzil,Kali Paltan Near Dewanji Ka Kuan,Tonk,</subfield>
    <subfield code="b">Rajisthan</subfield>
    <subfield code="e">304001</subfield>
    <subfield code="k">8078602224</subfield>
    <subfield code="l">-</subfield>
  </datafield>
  <datafield tag="300" ind1=" " ind2=" ">
    <subfield code="a">184 &#x635;</subfield>
    <subfield code="c">22 Cm(Hb)</subfield>
  </datafield>
  <datafield tag="942" ind1=" " ind2=" ">
    <subfield code="2">ddc</subfield>
    <subfield code="c">UR</subfield>
    <subfield code="h">181.45</subfield>
    <subfield code="m">&#x628; &#x6BE; &#x6AF;</subfield>
  </datafield>
  <datafield tag="952" ind1=" " ind2=" ">
    <subfield code="0">0</subfield>
    <subfield code="1">0</subfield>
    <subfield code="4">0</subfield>
    <subfield code="7">1</subfield>
    <subfield code="8">NFIC</subfield>
    <subfield code="a">DBAD</subfield>
    <subfield code="b">L</subfield>
    <subfield code="d">2022-04-06</subfield>
    <subfield code="e">DBAD/PUB</subfield>
    <subfield code="g">350.00</subfield>
    <subfield code="l">0</subfield>
    <subfield code="o">181.45 &#x628; &#x6BE; &#x6AF;</subfield>
    <subfield code="p">U-10067</subfield>
    <subfield code="r">2022-04-06 00:00:00</subfield>
    <subfield code="t">1</subfield>
    <subfield code="v">350.00</subfield>
    <subfield code="w">2022-04-06</subfield>
    <subfield code="y">UR</subfield>
  </datafield>
</record>
